000 00320nam a2200133Ia 4500
005 20251222175915.0
008 251222s9999||||xx |||||||||||||| ||spa||
082 _a349.853/A91
100 _aAvendaƱo V., Jorge
245 2 _aA la Luz del Derecho:
250 _a1ra.ed.
264 _bNormas Legales S.A.C
942 _cLIB
999 _c40460
_d40460